Airlines that operate the Airbus A380-800 - Statistics

General Stats
  • This quiz has been taken 268 times
  • The average score is 13 of 15
Answer Stats
Country Airline % Correct
United Arab Emirates Emirates
99%
Germany Lufthansa
99%
France Air France
97%
United Kingdom British Airways
95%
Singapore Singapore Airlines
95%
South Korea Korean Air
94%
Australia QANTAS
94%
Thailand Thai
92%
Qatar Qatar Airways
91%
China China Southern
88%
Japan ANA
84%
Malaysia Malaysia Airlines
77%
South Korea Asiana
76%
United Arab Emirates Etihad Airways
76%
Malta HiFly
49%
No matching quizzes found
Score Distribution
Percent of People with Each Score
Percentile by Number Answered
Your Score History
You have not taken this quiz